| 000 | 00777cam a2200265 4500 | ||
|---|---|---|---|
| 008 | 000000n2000 000 0 eng u | ||
| 020 | _a1860814077 | ||
| 035 | _a(Sirsi) u107929 | ||
| 041 | _aeng | ||
| 100 | _aMurray, Matthew | ||
| 245 | _aCleaning exterior masonry: developing and implementing a strategy. | ||
| 260 |
_aLondon _bCRC Ltd _c2000 |
||
| 300 | _a12p. : ill. ; 30cm. | ||
| 350 | _a0 | ||
| 490 |
_aBRE Digest _v449 part 1 |
||
| 650 | _aCLEANING | ||
| 650 | _aBUILT ENVIRONMENT-BUILDING ELEMENTS-COMPLETE BUILDING ELEMENTS-WALLS-EXTERNAL WALLS | ||
| 650 | _aMASONRY | ||
| 650 | _aSTONE CLEANING | ||
| 690 | _aBUILDING CONSERVATION | ||
| 700 | _aPryke, Stuart | ||
| 700 | _aYates, Tim | ||
| 710 | _aBuilding Research Establishment | ||
| 942 | _n0 | ||
| 999 |
_c100739 _d100739 |
||